Memoirs of the Baron de Brosse (Record no. 552862)
[ view plain ]
| 000 -LEADER | |
|---|---|
| fixed length control field | 00697cam a2200181 4500 |
| 082 ## - DEWEY DECIMAL CLASSIFICATION NUMBER | |
| Classification number | 940.27 |
| Author Mark | MEM |
| 100 1# - MAIN ENTRY--PERSONAL NAME | |
| Personal name | Marbut |
| 9 (RLIN) | 50124 |
| 245 10 - TITLE STATEMENT | |
| Title | Memoirs of the Baron de Brosse |
| 260 ## - PUBLICATION, DISTRIBUTION, ETC. | |
| Place of publication, distribution, etc. | London : |
| Name of publisher, distributor, etc. | printed for D. Browne, Jun., and S. Chapman, |
| Date of publication, distribution, etc. | 1725-26. |
| 300 ## - PHYSICAL DESCRIPTION | |
| Extent | vii,[1],77,[3];[4],92p. ; |
| Dimensions | 8⁰. |
| 500 ## - GENERAL NOTE | |
| General note | Anonymous. By Eliza Haywood. |
| 500 ## - GENERAL NOTE | |
| General note | Published in two parts, each with a separate titlepage, register and pagination; part II has a half-title. |
| 500 ## - GENERAL NOTE | |
| General note | Reproduction of original from the British Library. |
| 526 ## - STUDY PROGRAM INFORMATION NOTE | |
| Program name | 0 |
| Interest level | 0 |
| Reading level | 0 |
| Title point value | 940_270000000000000_MEM |
| 650 ## - SUBJECT ADDED ENTRY--TOPICAL TERM | |
| Topical term or geographic name entry element | MCE |
| 9 (RLIN) | 379 |
| 856 40 - ELECTRONIC LOCATION AND ACCESS | |
| Uniform Resource Identifier | <a href="http://www.columbia.edu/cgi-bin/cul/resolve?clio5213407">http://www.columbia.edu/cgi-bin/cul/resolve?clio5213407</a> |
| 942 ## - ADDED ENTRY ELEMENTS (KOHA) | |
| Source of classification or shelving scheme | |
| Koha item type | Book |
| Withdrawn status | Lost status | Source of classification or shelving scheme | Damaged status | Not for loan | Permanent Location | Current Location | Shelving location | Date acquired | Total Checkouts | Full call number | Barcode | Date last seen | Price effective from | Koha item type |
|---|---|---|---|---|---|---|---|---|---|---|---|---|---|---|
| Military College of Engineering (MCE) | Military College of Engineering (MCE) | 01/26/2015 | 940.27 MEM | MCE-ECM-70 | 01/26/2015 | 01/26/2015 | Book |
